000 00323nam a2200109 4500
999 _c10848
_d10848
003 OSt
005 20221017154738.0
008 221017b ||||| |||| 00| 0 eng d
245 _aThe city of Bangalore municipal corporation building bye laws of 1983
260 _aBangalore
_bKarnataka law journal publications
942 _2ddc